[Event "GRE-chT 50th"]
[Site "Nikaia"]
[Date "2023.08.29"]
[Round "6.5"]
[White "Mihailidou, Magdalini"]
[Black "Chatziioannidi, Filippa"]
[Result "1-0"]
[WhiteElo "1827"]
[BlackElo "1546"]
[PlyCount "63"]
[EventDate "2023.08.25"]
[EventType "team"]
[EventRounds "9"]
[EventCountry "GRE"]
[SourceTitle "EXT 2024"]
[Source "ChessBase"]
[SourceDate "2023.10.10"]
[SourceVersion "1"]
[SourceVersionDate "2023.10.10"]
[SourceQuality "1"]
[WhiteTeam "Pneemathlon"]
[BlackTeam "Evoiki ES"]
[WhiteTeamCountry "GRE"]
[BlackTeamCountry "GRE"]

1. e4 g6 2. d4 Bg7 3. Nc3 d6 4. Be2 Nd7 5. f4 a6 6. Be3 b5 7. Bf3 Bb7 8. e5 Bxf3 9. Qxf3 Nh6 10. g4 0-0 11. 0-0-0 Qc8 12. h4 Nb6 13. g5 Nf5 14. h5 Nxe3 15. Qxe3 c5 16. dxc5 Qxc5 17. Qh3 Qc8 18. exd6 Qxh3 19. Rxh3 exd6 20. Rxd6 Nc4 21. Rd7 Rfe8 22. hxg6 hxg6 23. b3 Ne3 24. Rd3 Nf5 25. Nf3 Rac8 26. Nd5 Re2 27. Rd2 Re4 28. Nf6+ Bxf6 29. gxf6 Ng7 30. fxg7 Kxg7 31. Rh7+ Kf6 32. Rxf7+ 1-0

[Event "GRE-ch U20 Girls"]
[Site "Trikala"]
[Date "2022.08.31"]
[Round "9"]
[White "Chatziioannidi, Filippa"]
[Black "Giakoustidou, Evgenia"]
[Result "1/2-1/2"]
[WhiteElo "1499"]
[BlackElo "1333"]
[PlyCount "171"]
[EventDate "2022.08.25"]
[EventType "swiss"]
[EventRounds "9"]
[EventCountry "GRE"]
[SourceTitle "CBM 210 Extra"]
[Source "ChessBase"]
[SourceDate "2022.11.30"]
[SourceVersion "1"]
[SourceVersionDate "2022.11.30"]
[SourceQuality "1"]

1. e4 c5 2. Nf3 d6 3. d4 cxd4 4. Nxd4 Nf6 5. Nc3 a6 6. h3 e5 7. Nb3 h5 8. Be3 Be6 9. f4 exf4 10. Bxf4 Nc6 11. Qf3 h4 12. 0-0-0 Qc7 13. Nc5 Ne5 14. Nxe6 fxe6 15. Qf2 Be7 16. Kb1 Rc8 17. Bd3 0-0 18. Qe3 Qc5 19. Ne2 Qxe3 20. Bxe3 Nxd3 21. cxd3 d5 22. Bg5 Rf7 23. e5 Nd7 24. Bxe7 Rxe7 25. d4 Rf7 26. Rhg1 Rf2 27. Rde1 Nb6 28. b3 Rc7 29. g3 hxg3 30. Rxg3 Nc8 31. Rc1 Rxc1+ 32. Nxc1 Rd2 33. Nd3 Ne7 34. Kc1 Rxa2 35. Nc5 Nf5 36. Rd3 Kf7 37. Nxb7 Ke7 38. Kb1 Re2 39. Nc5 Re3 40. Kc2 Re2+ 41. Kc3 a5 42. Nb7 Ra2 43. Rf3 Nh4 44. Rf4 Nf5 45. Rg4 Kd7 46. Nc5+ Ke7 47. Nb7 Kd7 48. Rg5 Ke8 49. Rh5 Kd7 50. Rh8 Ke7 51. h4 Kd7 52. h5 Ke7 53. Nc5 Rh2 54. Ra8 Rh3+ 55. Nd3 Rxh5 56. Nf4 Rh6 57. Rxa5 g5 58. Ra7+ Ke8 59. Ra8+ Kf7 60. Ra7+ Ke8 61. Ra8+ Kf7 62. Ra7+ Ke8 63. Ne2 g4 64. Ra1 Rh3+ 65. Kb4 g3 66. Rg1 Rh2 67. Nf4 Ke7 68. Kc5 Rc2+ 69. Kb4 Nxd4 70. Rxg3 Nc6+ 71. Kb5 Nxe5 72. b4 Kd6 73. Rg8 Rc7 74. Re8 Re7 75. Rd8+ Rd7 76. Re8 Re7 77. Rd8+ Kc7 78. Rh8 d4 79. Ka6 Nc6 80. b5 Nb8+ 81. Ka7 Nd7 82. Rh6 Kd6 83. b6 Nc5+ 84. Ka8 Kc6 85. Nxe6 Re8+ 86. Ka7 1/2-1/2

[Event "GRE-chT Final 4 48th"]
[Site "Larisa"]
[Date "2021.11.07"]
[Round "2.1"]
[White "Bastianou, Chrysoula"]
[Black "Chatziioannidi, Filippa"]
[Result "1-0"]
[WhiteElo "1666"]
[BlackElo "1519"]
[PlyCount "116"]
[EventDate "2021.11.06"]
[EventType "team-k.o."]
[EventRounds "2"]
[EventCountry "GRE"]
[SourceTitle "CBM 205 Extra"]
[Source "ChessBase"]
[SourceDate "2022.01.31"]
[SourceVersion "1"]
[SourceVersionDate "2022.01.31"]
[SourceQuality "1"]
[WhiteTeam "Nikaia Fysiolatris"]
[BlackTeam "Evoiki ES"]
[WhiteTeamCountry "GRE"]
[BlackTeamCountry "GRE"]

1. d4 Nf6 2. Nf3 d6 3. g3 g6 4. Bg2 Bg7 5. 0-0 0-0 6. b3 c5 7. Bb2 cxd4 8. Nxd4 a6 9. c4 Qc7 10. Nc3 Nc6 11. e3 Bg4 12. Qd2 Rad8 13. h3 Bc8 14. Rfd1 Qb8 15. Bxc6 bxc6 16. Nxc6 Qa8 17. Nxe7+ Kh8 18. Nxc8 Qxc8 19. Kh2 Qf5 20. Qe2 h5 21. e4 Qe6 22. Rd2 h4 23. Rad1 hxg3+ 24. fxg3 Nh5 25. Nd5 Bxb2 26. Rxb2 Qe5 27. Rd3 Ng7 28. Rbd2 Ne6 29. Nb4 Qc5 30. Nc2 Qc7 31. Rd5 Rfe8 32. Qf3 Kg7 33. Qc3+ f6 34. b4 Kf7 35. Rf2 Qe7 36. e5 f5 37. exd6 Rxd6 38. Rxd6 Qxd6 39. c5 Qd5 40. Ne3 Qd4 41. Qxd4 Nxd4 42. Nc4 Ke6 43. Nb6 Ke5 44. Rf1 Rd8 45. Re1+ Kf6 46. Rb1 Ne6 47. Rb2 Rd1 48. a4 Nd4 49. Kg2 Ke5 50. Kf2 Rd3 51. b5 axb5 52. axb5 Rc3 53. c6 Ke4 54. Nd7 f4 55. Nf6+ Kf5 56. Nd5 Rf3+ 57. Ke1 Ke5 58. c7 Kxd5 1-0

[Event "GRE-chT 48th"]
[Site "Athens"]
[Date "2021.09.11"]
[Round "6.1"]
[White "Chatziioannidi, Filippa"]
[Black "Georgitsi, Antigoni"]
[Result "0-1"]
[WhiteElo "1597"]
[BlackElo "1788"]
[PlyCount "100"]
[EventDate "2021.09.07"]
[EventType "team-swiss"]
[EventRounds "7"]
[EventCountry "GRE"]
[SourceTitle "CBM 204 Extra"]
[Source "ChessBase"]
[SourceDate "2021.11.30"]
[SourceVersion "1"]
[SourceVersionDate "2021.11.30"]
[SourceQuality "1"]
[WhiteTeam "Evoiki ES"]
[BlackTeam "Piraikos"]
[WhiteTeamCountry "GRE"]
[BlackTeamCountry "GRE"]

1. e4 e5 2. Nf3 Nc6 3. d4 exd4 4. Nxd4 Nf6 5. Nc3 Bb4 6. Nxc6 bxc6 7. Bd3 d5 8. exd5 cxd5 9. 0-0 0-0 10. Bg5 c6 11. Qf3 Be7 12. h3 Be6 13. Ne2 h6 14. Bh4 Rb8 15. b3 Rb4 16. Bg3 c5 17. c3 Rb6 18. Nf4 Bd6 19. Rfe1 a5 20. Rxe6 fxe6 21. Nxe6 Qb8 22. Nxf8 Qxf8 23. Bh4 g5 24. Bg3 Bxg3 25. Qxg3 Qd6 26. Qf3 Qf4 27. Qxf4 gxf4 28. Re1 a4 29. Rb1 c4 30. bxc4 Rxb1+ 31. Bxb1 dxc4 32. Kf1 Nd5 33. Bc2 a3 34. Ke1 Nxc3 35. Kd2 Nxa2 36. Bb1 Nb4 37. Kc3 a2 38. Bxa2 Nxa2+ 39. Kxc4 Kf7 40. Kd4 Kf6 41. g3 Kf5 42. g4+ Kg5 43. Ke5 Nc3 44. f3 Ne2 45. Ke4 Kh4 46. Kf5 Kxh3 47. Kg6 Kg3 48. Kxh6 Kxf3 49. g5 Kg4 50. g6 Ng3 0-1

[Event "GRE-chT 48th"]
[Site "Athens"]
[Date "2021.09.08"]
[Round "2.1"]
[White "Kalyva, Kyriaki"]
[Black "Chatziioannidi, Filippa"]
[Result "1-0"]
[WhiteElo "1812"]
[BlackElo "1597"]
[PlyCount "91"]
[EventDate "2021.09.07"]
[EventType "team-swiss"]
[EventRounds "7"]
[EventCountry "GRE"]
[SourceTitle "CBM 204 Extra"]
[Source "ChessBase"]
[SourceDate "2021.11.30"]
[SourceVersion "1"]
[SourceVersionDate "2021.11.30"]
[SourceQuality "1"]
[WhiteTeam "Irakleiou"]
[BlackTeam "Evoiki ES"]
[WhiteTeamCountry "GRE"]
[BlackTeamCountry "GRE"]

1. d4 Nf6 2. c4 g6 3. Nc3 Bg7 4. e4 d6 5. f4 c5 6. d5 0-0 7. Nf3 e6 8. Be2 exd5 9. cxd5 Re8 10. Nd2 a6 11. a4 Nbd7 12. 0-0 Qa5 13. Bf3 Qb4 14. Re1 Rb8 15. a5 b5 16. Nb3 c4 17. Nd4 Bb7 18. Nc2 Qc5+ 19. Be3 Qc7 20. Nb4 Nc5 21. e5 Nfd7 22. Nc6 Nd3 23. Re2 Bxc6 24. dxc6 dxe5 25. Nd5 Qd6 26. cxd7 Qxd7 27. Nb6 Qc7 28. Bf2 f5 29. Bd5+ Kh8 30. b3 e4 31. bxc4 Nxf2 32. Rxf2 Bxa1 33. Qxa1+ Qg7 34. Qxg7+ Kxg7 35. c5 Re7 36. c6 Rd8 37. Rc2 Rc7 38. Kf2 h6 39. g3 g5 40. g4 gxf4 41. gxf5 Kf6 42. Bxe4 Ke5 43. Kf3 Rd1 44. Nd7+ Kd4 45. f6 Re1 46. f7 1-0

[Event "GRE-chT Online Rapid (Women) 1st"]
[Site "Tornelo INT"]
[Date "2021.02.21"]
[Round "5.1"]
[White "Chatziioannidi, Filippa"]
[Black "Avramidou, Anastasia"]
[Result "0-1"]
[WhiteElo "1597"]
[BlackElo "2238"]
[PlyCount "84"]
[EventDate "2021.02.20"]
[EventType "team-swiss (rapid)"]
[EventRounds "9"]
[EventCountry "GRE"]
[SourceTitle "EXT 2023"]
[Source "ChessBase"]
[SourceDate "2022.10.05"]
[SourceVersion "1"]
[SourceVersionDate "2022.10.05"]
[SourceQuality "1"]

1. e4 g6 2. Nf3 Bg7 3. d4 c6 4. Nc3 d6 5. h3 Nf6 6. Be3 0-0 7. Qd2 b5 8. Bd3 Qc7 9. Bh6 e5 10. Bxg7 Kxg7 11. dxe5 dxe5 12. Qg5 Re8 13. h4 h6 14. Qd2 Nh5 15. Ne2 Bg4 16. 0-0-0 Nd7 17. Nh2 Be6 18. Kb1 Rab8 19. g4 Nf4 20. Nxf4 exf4 21. Be2 Red8 22. Qc3+ Kg8 23. g5 b4 24. Qd2 Nc5 25. Bf3 Rxd2 26. Rxd2 Rd8 27. Rxd8+ Qxd8 28. gxh6 Qxh4 29. Ng4 Qxh1+ 30. Bxh1 Bxg4 31. Kc1 Kh7 32. f3 Be6 33. b3 Kxh6 34. Kd2 Kg5 35. Bg2 Kh4 36. Bf1 Kg3 37. Be2 Kf2 38. Bd1 f6 39. c3 a5 40. cxb4 axb4 41. Be2 Bh3 42. Bd1 Bg2 0-1

[Event "GRE-chT Online Rapid (Women) 1st"]
[Site "Tornelo INT"]
[Date "2021.02.20"]
[Round "3.4"]
[White "Grapsa, Georgia"]
[Black "Chatziioannidi, Filippa"]
[Result "0-1"]
[WhiteElo "1950"]
[BlackElo "1597"]
[PlyCount "158"]
[EventDate "2021.02.20"]
[EventType "team-swiss (rapid)"]
[EventRounds "9"]
[EventCountry "GRE"]
[SourceTitle "EXT 2023"]
[Source "ChessBase"]
[SourceDate "2022.10.05"]
[SourceVersion "1"]
[SourceVersionDate "2022.10.05"]
[SourceQuality "1"]

1. d4 Nf6 2. c4 d6 3. Nf3 g6 4. g3 Bg7 5. Bg2 0-0 6. 0-0 Nbd7 7. Nc3 e5 8. h3 Ne8 9. e4 a5 10. Be3 f5 11. exf5 gxf5 12. Bg5 Nef6 13. dxe5 dxe5 14. Nd5 e4 15. Nh4 Ne5 16. Qc1 Nd3 17. Qd2 Be6 18. Nf4 Nxf4 19. Qxf4 Nh5 20. Qe3 Bd4 21. Qd2 Bf6 22. Qxd8 Raxd8 23. Bxf6 Nxf6 24. Rfd1 Nd7 25. Bf1 Nc5 26. b3 Kf7 27. Ng2 c6 28. Nf4 Ke7 29. Be2 Kf6 30. Kg2 Ke5 31. f3 Bg8 32. Kf2 Bf7 33. Ng2 Bh5 34. f4+ Kf6 35. Bxh5 Nd3+ 36. Ke3 Rg8 37. g4 Rd7 38. Ne1 Rgd8 39. Nxd3 Rxd3+ 40. Ke2 R8d7 41. gxf5 Rg7 42. Rxd3 exd3+ 43. Kxd3 Rg3+ 44. Kc2 Rxh3 45. Be2 Kxf5 46. Rf1 h5 47. Kd2 Rh2 48. Ke3 h4 49. Rg1 h3 50. Rg5+ Kf6 51. Rh5 Rh1 52. Kf2 Ra1 53. Rxh3 Rxa2 54. Ke3 Ra3 55. Kd4 a4 56. Bd1 Ra1 57. Bf3 a3 58. Kc3 Rc1+ 59. Kd2 a2 60. Kxc1 a1Q+ 61. Kd2 Qb2+ 62. Ke3 Qxb3+ 63. Kf2 Qc2+ 64. Kg3 Qxc4 65. Rh6+ Kf5 66. Bg4+ Ke4 67. Re6+ Kd5 68. f5 Qd3+ 69. Kh4 b5 70. f6 Qf1 71. Kg5 b4 72. Re2 b3 73. Be6+ Kc5 74. Re5+ Kd6 75. Rf5 Qc1+ 76. Kg6 Kxe6 77. f7 Qg1+ 78. Rg5 Qxg5+ 79. Kxg5 Kxf7 0-1

[Event "GRE-ch South U16 Girls"]
[Site "Athens"]
[Date "2020.08.28"]
[Round "1"]
[White "Chatziioannidi, Filippa"]
[Black "Andriopoulou, Eleni"]
[Result "1-0"]
[WhiteElo "1633"]
[BlackElo "1361"]
[PlyCount "115"]
[EventDate "2020.08.28"]
[EventType "swiss"]
[EventRounds "9"]
[EventCountry "GRE"]
[SourceTitle "EXT 2023"]
[Source "ChessBase"]
[SourceDate "2022.10.05"]
[SourceVersion "1"]
[SourceVersionDate "2022.10.05"]
[SourceQuality "1"]

1. e4 e6 2. d4 d5 3. exd5 exd5 4. c4 Bb4+ 5. Nc3 Nc6 6. a3 Bxc3+ 7. bxc3 Nf6 8. Bd3 0-0 9. Ne2 h6 10. 0-0 Ne7 11. cxd5 Qxd5 12. c4 Qd8 13. Qc2 Bg4 14. Bb2 Qd6 15. Ng3 Rad8 16. h3 Bh5 17. Nxh5 Nxh5 18. Rfe1 Nf4 19. Be4 b6 20. d5 f5 21. Bd3 Qg6 22. g3 Rd7 23. Bf1 Nh5 24. Re6 Nf6 25. Rae1 Kf7 26. Qa4 Rfd8 27. Bd3 h5 28. Qc2 Kf8 29. R1e5 c6 30. Bxf5 Qf7 31. d6 Rxd6 32. Rxe7 Qxe7 33. Rxe7 Kxe7 34. Qe2+ Kf7 35. Bxf6 Rxf6 36. Qxh5+ Ke7 37. Qe2+ Kf7 38. Qh5+ Ke7 39. Qe2+ Kf7 40. Bg4 Re8 41. Qd2 Re7 42. Kg2 Kg8 43. f4 Rf8 44. Qd6 Ree8 45. Qxc6 Re3 46. Be6+ Kh8 47. Qd5 Rxe6 48. Qxe6 Rd8 49. Qe3 Kg8 50. g4 Kf7 51. Kg3 Re8 52. Qd3 Re1 53. Kh4 Rg1 54. Qd7+ Kg6 55. Qe6+ Kh7 56. Kg5 Rg3 57. Qf5+ Kg8 58. Kg6 1-0

[Event "GRE-ch U20 Girls"]
[Site "Trikala"]
[Date "2020.08.20"]
[Round "5"]
[White "Apostolakaki, Evangelia"]
[Black "Chatziioannidi, Filippa"]
[Result "1/2-1/2"]
[WhiteElo "1617"]
[BlackElo "1633"]
[PlyCount "68"]
[EventDate "2020.08.17"]
[EventType "swiss"]
[EventRounds "9"]
[EventCountry "GRE"]
[SourceTitle "CBM 198 Extra"]
[Source "ChessBase"]
[SourceDate "2020.11.30"]
[SourceVersion "1"]
[SourceVersionDate "2020.11.30"]
[SourceQuality "1"]

1. d4 Nf6 2. c4 g6 3. Nf3 Bg7 4. Nc3 0-0 5. Bf4 d6 6. e3 Nbd7 7. h3 c5 8. Be2 a6 9. 0-0 Ne8 10. Qc2 h6 11. Bh2 cxd4 12. exd4 Nc7 13. Rfd1 b6 14. b4 Bb7 15. Rac1 Qc8 16. a4 e5 17. dxe5 dxe5 18. Ne4 Ne6 19. Nd6 Qc7 20. a5 bxa5 21. c5 Bc6 22. Bc4 Bxf3 23. gxf3 Nf4 24. Bxf4 exf4 25. Bxf7+ Rxf7 26. Nxf7 Kxf7 27. Qc4+ Kf8 28. Qd5 Ra7 29. c6 Ne5 30. bxa5 Ra8 31. Qe4 Kg8 32. Qd5+ Kh7 33. Rc2 Rb8 34. Kg2 Rc8 1/2-1/2

[Event "GRE-ch U20 Girls"]
[Site "Trikala"]
[Date "2020.08.19"]
[Round "4"]
[White "Chatziioannidi, Filippa"]
[Black "Tozarou, Ifigenia"]
[Result "1-0"]
[WhiteElo "1633"]
[BlackElo "1239"]
[PlyCount "67"]
[EventDate "2020.08.17"]
[EventType "swiss"]
[EventRounds "9"]
[EventCountry "GRE"]
[SourceTitle "CBM 198 Extra"]
[Source "ChessBase"]
[SourceDate "2020.11.30"]
[SourceVersion "1"]
[SourceVersionDate "2020.11.30"]
[SourceQuality "1"]

1. e4 e5 2. Nf3 Nc6 3. d4 exd4 4. Nxd4 Bc5 5. Nb3 Bb6 6. Nc3 d6 7. Qe2 Bd7 8. Be3 Bxe3 9. Qxe3 Nf6 10. f3 Qe7 11. 0-0-0 0-0-0 12. g4 h6 13. h4 Be6 14. Bb5 Kb8 15. Bxc6 Bxb3 16. axb3 bxc6 17. Rd4 Nd7 18. Ne2 Nb6 19. Rdd1 d5 20. e5 Rhe8 21. Nd4 Kb7 22. Rde1 c5 23. Nf5 Qf8 24. f4 Re6 25. Qf3 Rde8 26. c4 c6 27. Nd6+ Kc7 28. Nxe8+ Qxe8 29. Qc3 Kb7 30. Rh2 f6 31. Rhe2 d4 32. Qg3 Kc7 33. f5 Re7 34. exf6+ 1-0

[Event "GRE-ch U20 Girls"]
[Site "Trikala"]
[Date "2020.08.17"]
[Round "1"]
[White "Sklavounou, Iliana"]
[Black "Chatziioannidi, Filippa"]
[Result "0-1"]
[WhiteElo "1284"]
[BlackElo "1633"]
[PlyCount "90"]
[EventDate "2020.08.17"]
[EventType "swiss"]
[EventRounds "9"]
[EventCountry "GRE"]
[SourceTitle "CBM 198 Extra"]
[Source "ChessBase"]
[SourceDate "2020.11.30"]
[SourceVersion "1"]
[SourceVersionDate "2020.11.30"]
[SourceQuality "1"]

1. e4 c5 2. Nf3 d6 3. d4 cxd4 4. Nxd4 Nf6 5. Nc3 a6 6. h3 e5 7. Nde2 h5 8. Rg1 Be6 9. Bg5 Be7 10. Qd2 Nbd7 11. 0-0-0 b5 12. a3 Rc8 13. f4 Nc5 14. Bxf6 Bxf6 15. Qxd6 Qxd6 16. Rxd6 exf4 17. Rd1 g5 18. Nd4 Rd8 19. Nxe6 fxe6 20. Bd3 Bd4 21. Rgf1 Ke7 22. Ne2 Be3+ 23. Kb1 Nd7 24. g3 e5 25. Nc3 Nf6 26. gxf4 exf4 27. e5 Nd5 28. Ne4 g4 29. hxg4 hxg4 30. Nd6 Rxd6 31. exd6+ Kxd6 32. Be4 Rh5 33. Ka2 Re5 34. Bh1 Ke6 35. Rfe1 Nf6 36. Rd8 Ne4 37. Re8+ Kf5 38. Rf8+ Kg5 39. Rg8+ Kh4 40. Bxe4 Rxe4 41. Rh8+ Kg3 42. Rhh1 f3 43. Rhg1+ Bxg1 44. Rxe4 f2 45. Re3+ Kh4 0-1

[Event "GRE-ch U18 Girls 22nd"]
[Site "Rethymno"]
[Date "2020.01.06"]
[Round "7"]
[White "Chatzipanagiotou, Asimenia"]
[Black "Chatziioannidi, Filippa"]
[Result "1/2-1/2"]
[WhiteElo "1506"]
[BlackElo "1680"]
[PlyCount "138"]
[EventDate "2020.01.02"]
[EventType "swiss"]
[EventRounds "9"]
[EventCountry "GRE"]
[SourceTitle "EXT 2021"]
[Source "ChessBase"]
[SourceDate "2020.10.23"]
[SourceVersion "1"]
[SourceVersionDate "2020.10.23"]
[SourceQuality "1"]

1. e4 c5 2. Nf3 d6 3. d4 cxd4 4. Nxd4 Nf6 5. Nc3 a6 6. Be2 e5 7. Nb3 Be6 8. Bg5 Be7 9. 0-0 b5 10. Bxf6 gxf6 11. Nd5 f5 12. exf5 Bxf5 13. Bg4 Bg6 14. Qf3 e4 15. Qc3 0-0 16. Rad1 Nd7 17. Bxd7 Qxd7 18. Nb6 Qe6 19. Nxa8 Rxa8 20. Qd4 Rc8 21. c3 Bh5 22. Rde1 d5 23. Re3 f5 24. Rg3+ Bg6 25. f3 a5 26. Kh1 a4 27. Nc1 f4 28. Rg4 Bc5 29. Qd1 h5 30. Rxg6+ Qxg6 31. Qxd5+ Qf7 32. Qxf7+ Kxf7 33. fxe4 Rd8 34. Ne2 Be3 35. Nxf4 Bxf4 36. Rxf4+ Kg6 37. h3 Rd2 38. e5 Re2 39. e6 Rxe6 40. Rb4 Re5 41. c4 Re4 42. a3 bxc4 43. Rxa4 h4 44. Kg1 Kf5 45. Ra5+ Kf4 46. Rh5 Ke3 47. Rf5 Kd3 48. Rf2 c3 49. Rf3+ Kc2 50. bxc3 Ra4 51. Kh2 Kd2 52. g3 hxg3+ 53. Kxg3 Kc2 54. h4 Kd2 55. h5 Kc2 56. Rf4 Rxa3 57. Rc4 Kd3 58. Rc5 Ke4 59. Kg4 Ra1 60. Kg3 Ra6 61. Rc4+ Kf5 62. Rh4 Ra3 63. Rc4 Ra6 64. Kf3 Ra1 65. h6 Rh1 66. Rc5+ Ke6 67. Rc6+ Kd5 68. Rg6 Kc4 69. Rc6+ Kd5 1/2-1/2

[Event "GRE-ch U16 Girls"]
[Site "Patras"]
[Date "2019.06.25"]
[Round "1.3"]
[White "Chatziioannidi, Filippa"]
[Black "Kostelidou, Despoina"]
[Result "0-1"]
[WhiteElo "1534"]
[BlackElo "1293"]
[PlyCount "110"]
[EventDate "2019.06.25"]
[EventType "swiss"]
[EventRounds "7"]
[EventCountry "GRE"]
[SourceTitle "EXT 2020"]
[Source "ChessBase"]
[SourceDate "2019.10.17"]
[SourceVersion "1"]
[SourceVersionDate "2019.10.17"]
[SourceQuality "1"]
[WhiteTeam "Greece"]
[BlackTeam "Greece"]
[WhiteTeamCountry "GRE"]
[BlackTeamCountry "GRE"]

1. e4 d5 2. exd5 Qxd5 3. Nc3 Qd6 4. d4 Nf6 5. Nf3 a6 6. g3 Bg4 7. h3 Bxf3 8. Qxf3 c6 9. Be3 Nbd7 10. Bg2 e6 11. 0-0 Be7 12. Rad1 Nb6 13. Bf4 Qd7 14. b3 Nfd5 15. Nxd5 exd5 16. Qe2 0-0 17. c4 Rfe8 18. Qc2 Qe6 19. Rfe1 Qg6 20. Qxg6 hxg6 21. Bc7 Nd7 22. cxd5 cxd5 23. Bxd5 Rac8 24. Bf4 b6 25. Bb7 Rc2 26. Bd6 Kf8 27. Bxe7+ Rxe7 28. a4 a5 29. Be4 Rc3 30. d5 Nf6 31. d6 Rd7 32. Bd3 Rxd6 33. Bc4 Rxd1 34. Rxd1 Ke7 35. Re1+ Kf8 36. Kg2 Nd7 37. Re3 Rxe3 38. fxe3 Ne5 39. Bd5 Ke7 40. g4 f5 41. g5 Kd6 42. Bg8 Kc5 43. Kg3 Kb4 44. h4 Kc3 45. h5 gxh5 46. Kf4 Nc6 47. Bc4 g6 48. Bf7 Ne7 49. Ke5 Kd3 50. Kf6 h4 51. Kxe7 h3 52. Bd5 Kxe3 53. Be6 h2 54. Bd5 f4 55. Bh1 f3 0-1

[Event "GRE-ch U18 Girls"]
[Site "Rethymno"]
[Date "2019.01.07"]
[Round "6"]
[White "Chatziioannidi, Filippa"]
[Black "Galani, Dimitra"]
[Result "1-0"]
[WhiteElo "1542"]
[BlackElo "1483"]
[PlyCount "55"]
[EventDate "2019.01.02"]
[EventType "swiss"]
[EventRounds "7"]
[EventCountry "GRE"]
[SourceTitle "CBM 188 Extra"]
[Source "ChessBase"]
[SourceDate "2019.02.26"]
[SourceVersion "1"]
[SourceVersionDate "2019.02.26"]
[SourceQuality "1"]

1. d4 Nf6 2. Nf3 d6 3. Nc3 Bg4 4. e4 c6 5. h3 Bh5 6. g4 Bg6 7. Qe2 e6 8. h4 h5 9. g5 Nfd7 10. Bh3 Nb6 11. Bf4 d5 12. 0-0 Bd6 13. Ne5 Bxe5 14. Bxe5 f6 15. Bxb8 Rxb8 16. exd5 Nxd5 17. Qxe6+ Kf8 18. Nxd5 cxd5 19. Bg2 Bf7 20. Qf5 Rc8 21. g6 Bg8 22. Rae1 Rc6 23. Re5 Qc8 24. Rfe1 Rh6 25. Bh3 Qd8 26. Re8+ Qxe8 27. Rxe8+ Kxe8 28. Qd7+ 1-0

[Event "GRE-ch U18 Girls"]
[Site "Rethymno"]
[Date "2019.01.05"]
[Round "4"]
[White "Chatziioannidi, Filippa"]
[Black "Foinikianaki, Stella"]
[Result "1/2-1/2"]
[WhiteElo "1542"]
[BlackElo "1474"]
[PlyCount "61"]
[EventDate "2019.01.02"]
[EventType "swiss"]
[EventRounds "7"]
[EventCountry "GRE"]
[SourceTitle "CBM 188 Extra"]
[Source "ChessBase"]
[SourceDate "2019.02.26"]
[SourceVersion "1"]
[SourceVersionDate "2019.02.26"]
[SourceQuality "1"]

1. d4 d5 2. c4 c6 3. Nf3 Nf6 4. Qb3 e6 5. g3 Nbd7 6. Bg2 Bd6 7. 0-0 0-0 8. Nc3 Re8 9. c5 Bf8 10. e4 Nxe4 11. Nxe4 dxe4 12. Ng5 Nf6 13. Rd1 Qd5 14. Qc2 Rd8 15. Nxe4 Nxe4 16. Bxe4 Qh5 17. b4 g6 18. Kg2 e5 19. d5 Bg4 20. f3 Bh3+ 21. Kg1 f5 22. dxc6 fxe4 23. cxb7 Qxf3 24. Bb2 Rxd1+ 25. Rxd1 Rd8 26. Re1 e3 27. Bxe5 Rd2 28. Qc4+ Rd5 29. Qc2 Rd2 30. Qc4+ Rd5 31. Qc2 1/2-1/2

[Event "GRE-ch U18 Girls"]
[Site "Rethymno"]
[Date "2019.01.02"]
[Round "1"]
[White "Chatziioannidi, Filippa"]
[Black "Matthaiaki, Nefeli"]
[Result "1-0"]
[WhiteElo "1542"]
[BlackElo "1260"]
[PlyCount "79"]
[EventDate "2019.01.02"]
[EventType "swiss"]
[EventRounds "7"]
[EventCountry "GRE"]
[SourceTitle "CBM 188 Extra"]
[Source "ChessBase"]
[SourceDate "2019.02.26"]
[SourceVersion "1"]
[SourceVersionDate "2019.02.26"]
[SourceQuality "1"]

1. d4 d5 2. Nf3 Nf6 3. c4 e6 4. g3 Be7 5. Bg2 b6 6. Qa4+ Nbd7 7. cxd5 exd5 8. Ne5 0-0 9. Nc3 Bb7 10. 0-0 Nb8 11. Rd1 c6 12. e4 Qc7 13. Bf4 Qc8 14. Rac1 Qd8 15. b4 b5 16. Qb3 Na6 17. Nxc6 Bxc6 18. exd5 Bd7 19. d6 Bxd6 20. Bxd6 Re8 21. Bxa8 Qxa8 22. Re1 Rxe1+ 23. Rxe1 Bh3 24. Nd5 h6 25. Nxf6+ gxf6 26. d5 Qd8 27. Be7 Qd7 28. Qf3 Qf5 29. Qxf5 Bxf5 30. Bc5 Kg7 31. d6 Nb8 32. Bxa7 Nc6 33. Bc5 Bd7 34. Bb6 f5 35. Bc7 f6 36. Kg2 Kf7 37. a4 bxa4 38. b5 Ne5 39. f4 Nc4 40. Re7+ 1-0